Introduction to marine genomics /

Bibliographic Details
Corporate Author: SpringerLink (Online service)
Other Authors: Cock, J. Mark (Jeremy Mark)
Format: eBook
Language:English
Published: Dordrecht ; New York : Springer, [2010]
Series:Advances in marine genomics ; v. 1.
Subjects:
Online Access:Connect to the full text of this electronic book

MARC

Tag First Indicator Second Indicator Subfields
LEADER 00000cam a2200000Ia 4500
001 in00002653799
005 20210727154940.0
006 m d
007 cr cn|
008 100909s2010 ne ab ob 001 0 eng d
020 |a 9048186390 
020 |a 9789048186396 
035 |a (OCoLC)663093814 
035 |a (OCoLC)ocn663093814 
035 |a 3799170 
037 |a 978-90-481-8616-7  |b Springer  |n http://www.springerlink.com 
040 |a GW5XE  |b eng  |c GW5XE  |d EBLCP  |d UtOrBLW 
049 |a TXAC 
050 1 4 |a QH447  |b .I58 2010 
070 1 |a QH447  |b .I59 2010 
082 0 4 |a 572.861177  |2 22 
245 0 0 |a Introduction to marine genomics /  |c J. Mark Cock [and others], editors. 
264 1 |a Dordrecht ;  |a New York :  |b Springer,  |c [2010] 
264 4 |c ©2010 
300 |a xiv, 399 pages :  |b illustrations (some color), color map ;  |c 24 cm. 
336 |a text  |b txt  |2 rdacontent 
337 |a computer  |b c  |2 rdamedia 
338 |a online resource  |b cr  |2 rdacarrier 
490 1 |a Advances in marine genomics ;  |v v. 1 
500 |a Electronic resource. 
504 |a Includes bibliographical references and index. 
505 0 |a Genomics in the discovery and monitoring of marine biodiversity / G.R. Carvalho ... [et al.] -- Metagenome analysis / Anke Meyerdierks and Frank Oliver Glöckner -- Populations and pathways : genomic approaches to understanding population structure and environmental adaptation / Melody S. Clark ... [et al.] -- Phylogeny of animals : genomes have a lot to say / Ferdinand Marlétaz and Yannick Le Parco -- Metazoan complexity / Florian Raible and Patrick R.H. Steinmetz -- Genomics of marine algae / Susana M. Coelho ... [et al.] -- Genomic approaches in aquaculture and fisheries / M. Leonor Cancela ... [et al.] -- Marine biotechnology / Joel Querellou ... [et al.] -- Practical guide : genomic techniques and how to apply them to marine questions / Virginie Mittard-Runte ... [et al.]. 
533 |a Electronic reproduction.  |b New York :  |c Springer,  |d 2010.  |n Mode of access: World Wide Web.  |n System requirements: Web browser.  |n Title from title screen (viewed on Aug. 9, 2010).  |n Access may be restricted to users at subscribing institutions. 
650 0 |a Genomics.  |0 http://id.loc.gov/authorities/subjects/sh2002000809 
650 0 |a Marine biology.  |0 http://id.loc.gov/authorities/subjects/sh85081138 
650 4 |a Science. 
650 4 |a Science: Biology / Natural History. 
655 7 |a Electronic books.  |2 local 
700 1 |a Cock, J. Mark  |q (Jeremy Mark)  |0 http://id.loc.gov/authorities/names/no2010093480 
710 2 |a SpringerLink (Online service)  |0 http://id.loc.gov/authorities/names/no2005046756 
776 1 |c Original  |z 9789048186167  |z 9048186161  |z 9789048186396  |z 9048186390  |w (OCoLC)495781302 
830 0 |a Advances in marine genomics ;  |v v. 1.  |0 http://id.loc.gov/authorities/names/no2010093470 
856 4 0 |u http://proxy.library.tamu.edu/login?url=https://dx.doi.org/10.1007/978-90-481-8639-6  |z Connect to the full text of this electronic book  |t 0 
994 |a 92  |b TXA 
999 |a MARS 
999 f f |s 8c6d2bcf-c37c-345e-af37-ede1debb4c20  |i 821bd56b-a8ef-3cac-af0e-6bba9cd9fcff  |t 0 
952 f f |a Texas A&M University  |b College Station  |c Electronic Resources  |d Available Online  |t 0  |e QH447 .I58 2010  |h Library of Congress classification 
998 f f |a QH447 .I58 2010  |t 0  |l Available Online